| 000 | 02614njm0a2200445 4500 | ||
|---|---|---|---|
| 001 | RU\NLR\ONIZ\304018 | ||
| 005 | 20250708194130.0 | ||
| 035 | _a(NLR Aleph) 022204129 | ||
| 071 | 0 | 0 | _aС-0161-2 |
| 090 |
_a13285849 _c13285849 |
||
| 100 | _a20240410f19631968|||y0rusy50 ca | ||
| 102 | _aRU | ||
| 126 |
_aabbxexu ux _bxxx |
||
| 127 | _a004000 | ||
| 145 | 0 | _ab | |
| 200 | 1 |
_a2-й концерт для скрипки с оркестром _bЗвукозапись _fБ. Барток _gисполняют: Игорь Ойстрах, Симфонический оркестр Московской государственной филармонии, дирижёр Г. Рождественский |
|
| 203 |
_aМузыка _bисполнительская _cаудио |
||
| 210 |
_aМосква _cМелодия _gЗавод грампластинок _eАпрелевка _d[19--] |
||
| 215 |
_a1 грп. [ВТУ-35 ХП 558-63] (40 мин) : 33 об/мин, стерео _d30 см, в конв. |
||
| 500 | 0 | 0 |
_aКонцерт № 2 для скрипки с оркестром _bЗвукозапись _rсимфонический оркестр _rскрипка _7ca |
| 606 | 1 |
_aКонцерты для скрипки с оркестром _xЗвукозапись _yВенгрия _z20 в. _jЗвукозапись _2nlr_sh |
|
| 606 | 1 |
_aСкрипачи советские российские _z20-21 вв. _jЗвукозапись _2nlr_sh |
|
| 606 | 1 |
_aДирижёры советские российские _z20-21 вв. _jЗвукозапись _2nlr_sh |
|
| 606 | 1 |
_aОркестры симфонические советские _z20 век _jЗвукозапись _2nlr_sh |
|
| 686 | 0 | _aЩ955.4-042(4Вн) | |
| 700 | 1 |
_9z01790 _aБарток _bБ. _f1881-1945 _gБела _4230 _7ca |
|
| 702 | 1 |
_9z02790 _aОйстрах _bИ. Д. _cскрипка _f1931-2021 _gИгорь Давидович _4545 _4svl _7ca |
|
| 702 | 1 |
_9z03790 _aРождественский _bГ. Н. _f1931-2018 _gГеннадий Николаевич _4250 _7ca |
|
| 712 | 0 | 2 |
_aСимфонический оркестр Московской государственной филармонии _4590 _7ca |
| 790 | 1 |
_9z01700 _aBartók _bB. _f1881-1945 _gBela _4230 _7ba |
|
| 790 | 1 |
_9z02702 _aOjstrach _bI. _cviolin _f1931-2021 _gIgor` _4545 _4svl _7ba |
|
| 790 | 1 |
_9z03702 _aRoždestvenskij _bG. N. _f1931-2018 _gGennadij Nikolaevič _4250 _7ba |
|
| 801 | 0 |
_aRU _bNLR _c20240410 _gPSBO |
|
| 801 | 1 |
_aRU _bNLR _c20240410 _2rusmarc |
|
| 801 | 2 |
_aRU _bNLR _c20240410 |
|
| 852 |
_aNLR _bМг _j3/9765 _p42894 _t1 |
||
| 942 | _cREC | ||
| 980 | _aNB | ||
| 980 | _aONIZ | ||